| 000 | 00463nam a2200181Ia 4500 | ||
|---|---|---|---|
| 001 | 20885 | ||
| 005 | 20260306172838.0 | ||
| 008 | 260306t2009||||xx |||||||||||||| ||spa|| | ||
| 041 | _aESP | ||
| 082 |
_a343.8 _bM87 2009 |
||
| 100 |
_aMosqueda Almanza, Rubén M _eAUT |
||
| 245 | 0 | _aPrecios de transparencia estrategia y norma fiscal | |
| 260 | _c2009 | ||
| 300 |
_axx, 419 páginas : _c23 cm. |
||
| 650 | _aGEN | ||
| 654 | _aCCO | ||
| 942 |
_cLIB _dJUS _fJUS _2ddc _n |
||
| 999 |
_c20885 _d20885 |
||